000 00365nam a2200145Ia 4500
008 230711s9999||||xx |||||||||||||| ||und||
041 _aENG
082 _a624
_bSI-T
100 _aSiegel,Gwathmey
245 0 _aTen houses edited by oscar riera ojade
250 _a1st . Ed.
260 _c1995
_aBeverly
_bRockport Publication
650 _aArchitecture
942 _cBK
999 _c4344
_d4344